| 000 | 01182cab a22002295a 4500 | ||
|---|---|---|---|
| 001 | L153816 | ||
| 008 | 110906e20110903xxk 000 0 eng d | ||
| 035 | _a(Sirsi) u153816 | ||
| 041 | 0 | _aeng | |
| 100 | 1 | _aMorrison, Adrian | |
| 245 | 0 | 0 |
_aFocus _bSurrey, Sussex and Kent |
| 260 | _c2011 | ||
| 490 |
_aEstates Gazette _v(1135) 3 September 2011, 89-97(8) |
||
| 520 | _aReports on attempts to discourage Nestle, Croydon's largest employer from pulling out of the town and outlines plans for the town's regeneration. Compares the fortunes of the fortunes of retail markets between the more successful cities and towns such as Brighton, Bromley and Guildford and other less prosperous such as Maidstone and Crawley. Eastbourne is planning to redevelop the Arndale Shopping Centre. Office, retail and industrial take up and rents in Bromley, Camberley, Croydon, Frimley, Guildford, Kingston, Leatherhead, Redhill, Richmond, West Malling, Weybridge, Woking, Brighton and Eastbourne, | ||
| 590 | _aKA | ||
| 651 | 4 | _aSUSSEX | |
| 651 | 4 | _aSURREY | |
| 651 | 4 | _aKENT | |
| 690 | _aPROPERTY-COMMERCIAL PROPERTY-COMMERCIAL PROPERTY MARKET | ||
| 700 | 1 | _aHamilton, Helen | |
| 942 | _n0 | ||
| 999 |
_c83385 _d83385 |
||